01348nam a22003137a 4500003000400000005001700004008004100021040002200062082001800084100003200102245004300134260004700177300001900224366000800243490001300251505008200264505017000346505001200516650004600528650005000574650004400624650004800668650004300716650005500759650004700814942002900861999001500890952012900905OSt20230503134734.0221006b |||||||| |||| 00| 0 eng d cBiblioteca Lado V a709.05bR643f 9825aRoberts, Jameseeditor aFrieze/bContemporary Art And Culture/ bDurian Publications Ltd.aInglaterrac2002 c23x30cma124p. eeng a68v2002 tColumnsaBooks Toys Design Leisure Film and Television Philosophy Music tFeaturesaPicture: Morning stands on tiptoe Oats, peas, beans and barley grow Drastic plastic Pavement to penthouse Sweet Charity Local hero Celestial bodies tReviews 2Tesauro de Arte & ArquitecturaaARTE9703 2Tesauro de Arte & ArquitecturaaEXPOSICIONES  2Tesauro de Arte & ArquitecturaaCULTURA 2Tesauro de Arte & ArquitecturaaAPRECIACION 2Tesauro de Arte & ArquitecturaaTEORIA 2Tesauro de Arte & ArquitecturaaARTE CONTEMPORANEO 2Tesauro de Arte & ArquitecturaaINGLATERRA 2ddcc1h709.05iR643fn0 c3532d3532 00102ddc3200240708RevistasaLVbLVd2023-05-03h68i003030l0o709.05 R643fp003030r2023-05-03 00:00:00w2023-05-03y1